Islam and political violence : (Record no. 15744)

000 -LEADER
fixed length control field 01621nam a2200277 a 4500
001 - CONTROL NUMBER
control field ASIN1848851979
005 - DATE AND TIME OF LATEST TRANSACTION
control field 20170105102924.0
008 - FIXED-LENGTH DATA ELEMENTS--GENERAL INFORMATION
fixed length control field 131210s2010 xxu eng d
020 ## - INTERNATIONAL STANDARD BOOK NUMBER
International Standard Book Number 1848851979 (paperback)
Terms of availability $26.00
020 ## - INTERNATIONAL STANDARD BOOK NUMBER
International Standard Book Number 9781848851979 (paperback)
040 ## - CATALOGING SOURCE
Original cataloging agency 0
050 04 - LIBRARY OF CONGRESS CALL NUMBER
Classification number BP190.5.V56
082 04 - DEWEY DECIMAL CLASSIFICATION NUMBER
Classification number 297.27
Author Mark ISL 2010
100 1# - MAIN ENTRY--PERSONAL NAME
Personal name Akbarzadeh, Shahram.
245 10 - TITLE STATEMENT
Title Islam and political violence :
Remainder of title muslim diaspora and radicalism in the west /
Statement of responsibility, etc. Shahram Akbarzadeh, Fethi Mansouri.
250 ## - EDITION STATEMENT
Edition statement New ed.
260 ## - PUBLICATION, DISTRIBUTION, ETC.
Place of publication, distribution, etc. [S.l.] :
Name of publisher, distributor, etc. I. B. Tauris,
Date of publication, distribution, etc. 2010.
300 ## - PHYSICAL DESCRIPTION
Extent 272 p. ;
Dimensions 22 cm.
520 ## - SUMMARY, ETC.
Summary, etc. How do we engage with the pressing challenges of xenophobia, radicalism and security in the current political climate? The widely felt sense of insecurity in the West is shared by Muslims both within and outside Western societies. Growing Islamic militancy and the subsequent increased security measures by Western powers have contributed to a pervasive sense among Muslims of being under attack both physically and culturally. Islam and Political Violence brings together current debates on the uneasy and potentially mutually destructive relationship between the Muslim world and the West and argues that we are on a dangerous trajectory, strengthening dichotomous notions of the divide between the West and the Muslim world.
650 #0 - SUBJECT ADDED ENTRY--TOPICAL TERM
Topical term or geographic name entry element Islam and politics
650 #0 - SUBJECT ADDED ENTRY--TOPICAL TERM
Topical term or geographic name entry element Islamic fundamentalism
650 #0 - SUBJECT ADDED ENTRY--TOPICAL TERM
Topical term or geographic name entry element Violence--Religious aspects--Islam
700 1# - ADDED ENTRY--PERSONAL NAME
Personal name Mansouri, Fethi.
856 40 - ELECTRONIC LOCATION AND ACCESS
Materials specified Amazon.com
Uniform Resource Identifier <a href="http://www.amazon.com/exec/obidos/ASIN/1848851979/chopaconline-20">http://www.amazon.com/exec/obidos/ASIN/1848851979/chopaconline-20</a>
942 ## - ADDED ENTRY ELEMENTS (KOHA)
Source of classification or shelving scheme
Koha item type Book
Holdings
Withdrawn status Lost status Damaged status Not for loan Collection code Permanent Location Current Location Shelving location Date acquired Total Checkouts Full call number Barcode Date last seen Price effective from Koha item type
          Centre for International Peace & Stability (CIPS) Centre for International Peace & Stability (CIPS) General Stacks 10/02/2013   297.27 ISL 2010 CIPS0002311 12/11/2013 12/11/2013 Book
© 2023 Central Library, National University of Sciences and Technology. All Rights Reserved.